000 00534nam a2200193 a 4500
005 20210223120704.0
008 991125s1994 mx 000 0 spa u
020 _a9683910920
035 _aUPN01000005522
049 _aF
050 4 _aGT2880
_bB7.28
100 1 _aBraudel, Fernand,
_d1902-1985
245 1 0 _aBebidas y excitantes /
_cBraudel ; tr. Isabel Pérez Villanueva.
260 _aMéxico :
_bALIANZA :
_bCNCA,
_c1994.
300 _a63 p.
440 0 _aAlianza cien
650 4 _aBEBIDAS -
_xCOSTUMBRES
_93447
905 _aLibro
999 _c5522
_d5522